00896 2200289 4500001002100000005001500021035002000036007000300056008004100059020001800100040002200118082001400140084001600154090001900170100002900189245011900218250003400337300004500371650002200416700003200438850001200470264003000482336002100512337003000533338002300563990002000586INLIS00000000086407720210825101301 a0010-0821000776ta210812s2007 jbia g ind d a979-2423-03-6 aYOPDYOGbinderda04223a613.7 a613.7 COO m aPK 613.7 COO m1 aCooper, Kennethepenulis10aMeningkatkan daya tahan tubuh untuk orang yang mudah sakit /cpenulis, Kenneth Cooper; penyunting, Hendra Setiawan aCetakan pertama, Januari 2007 a96 halaman :bilustrasi, gambar ;c19 cm 4aKesegaran jasmani0 aHendra Setiawanepenyunting aYOPDYOG31aBandung :bKuadran,c2007 2rdacontentateks 2rdamediaatanpa perantara 2rdacarrieravolume a67798-PD/A.2021